000 00530nam a2200169Ia 4500
008 090711s9999 xx 000 0 und d
082 _b78728
100 _aढसाळ नामदेव ल.
245 _aआंधळे शतक
260 _bआंबेडकर प्रबोधिनी
_c1995
300 _a132
600 _aढसाळ नामदेव ल.
630 _aआंधळे शतक
700 _aढसाळ नामदेव ल.
730 _aआंधळे शतक
942 _cBOOK
999 _c290676
_d290676